000 00781nam a2200241Ia 4500
999 _c41080
_d41080
003 GCL
005 20240530103614.0
008 140319s9999 xx 000 0 ara d
040 _aGCL /
_cGCL
082 0 4 _a907.2
_bب م
100 1 _aبلتيه، انطوان
245 1 0 _aالمادية التاريخية وتاريخ الحضارات /
_cبلتيه، انطوان
260 _a[S.N] :
_bدار الحقيقة للطباعة والنشر ،
_c1980
300 _a187 ص
650 0 4 _aالحضارة
650 0 4 _aالثقافة
650 0 4 _aالحضارة الاوربية
650 0 4 _aالفلسفة التاريخية
650 0 4 _aالبدائية
650 0 4 _aالمادية التاريخية
700 1 _aغوبلو، جان جاك
942 _2ddc
_cBK